000
00290nam a22001337a 4500
008
170330b xxu||||| |||| 00| 0 eng d
020
_a
9780838584507
041
_a
eng
080
_2
3 ED
_a
616-053.2
100
_a
8
101
_a
SHM
245
_a
PEDIATRICS
_c
RUDOLPH.A.M
942
_2
udc
_c
BK
999
_c
9082
_d
9082